000
00462nam a2200181Ia 4500
008
090123s9999 xx 000 0 und d
082
_b
10082
100
_a
भावे पु. भा.
245
_a
रुप
250
_a
1
260
_b
मेनका प्रकाशन
_c
1977
300
_a
144
600
_a
भावे पु. भा.
630
_a
रुप
700
_a
भावे पु. भा.
730
_a
रुप
942
_c
BOOK
999
_c
48148
_d
48148